[Event "World Rapid Women 2018"]
[Site "St Petersburg RUS"]
[Date "2018.12.27"]
[Round "6.21"]
[White "Atalik, Ekaterina"]
[Black "Nguyen, Thi Mai Hung"]
[Result "0-1"]
[WhiteTitle "IM"]
[BlackTitle "WGM"]
[WhiteElo "2447"]
[BlackElo "2280"]
[WhiteFideId "4130189"]
[BlackFideId "12401676"]
[EventDate "2018.12.26"]

1. Nf3 d5 2. e3 Nf6 3. c4 c6 4. Nc3 e6 5. b3 Nbd7 6. Bb2 Ne4 7. Qc2 f5 8. d3
Nxc3 9. Bxc3 Nf6 10. Be2 Bd6 11. O-O O-O 12. Qb2 Qe7 13. Be5 Ba3 14. Qc2 Nd7 15.
Bc3 e5 16. d4 e4 17. Ne5 Bd6 18. cxd5 cxd5 19. f4 exf3 20. Bxf3 Nf6 21. Be1 Bxe5
22. dxe5 Qxe5 23. Bb4 Re8 24. Bc5 Ng4 25. Bxg4 fxg4 26. Bd4 Qe7 27. Rac1 Be6 28.
Qc7 a6 29. Qe5 Rac8 30. b4 Rc4 31. a3 b5 32. Rcd1 Rc2 33. Bc5 Qd7 34. Qf4 h6 35.
e4 Qc6 36. e5 Rc4 37. Qe3 Re4 38. Qg3 Bc8 39. Bd6 Be6 40. Rf2 d4 41. Bc5 Rd8 42.
Rdf1 Bc4 43. Rf8+ Rxf8 44. Rxf8+ Kh7 45. Qf2 Qd7 46. Bd6 d3 47. Ra8 Re2 48. Qd4
d2 49. Ra7 Qxa7 0-1

[Event "World Rapid Women 2018"]
[Site "St Petersburg RUS"]
[Date "2018.12.27"]
[Round "6.22"]
[White "Mkrtchian, Lilit"]
[Black "Maletina, Tatiana"]
[Result "1-0"]
[WhiteTitle "IM"]
[BlackTitle "WIM"]
[WhiteElo "2392"]
[BlackElo "2270"]
[WhiteFideId "13300601"]
[BlackFideId "24145084"]
[EventDate "2018.12.26"]

1. c4 b6 2. Nc3 e6 3. e4 Bb7 4. Nf3 Bb4 5. Bd3 Ne7 6. O-O Ng6 7. Bc2 O-O 8. d4
Nc6 9. Qd3 f5 10. exf5 exf5 11. Re1 Kh8 12. a3 Bd6 13. Bg5 Be7 14. Bd2 Bd6 15.
Bg5 Be7 16. Bd2 Bd6 17. Nb5 Bf4 18. Bxf4 Nxf4 19. Qe3 Ng6 20. d5 Nce7 21. d6
cxd6 22. Nxd6 Bxf3 23. Qxf3 Qc7 24. Rad1 Rad8 25. Qg3 f4 26. Qg5 Rf6 27. Bxg6
Rxd6 28. Bxh7 Rxd1 29. Rxd1 Kxh7 30. Qxe7 Kg8 31. Rd5 Rf8 32. Rxd7 1-0

[Event "World Rapid Women 2018"]
[Site "St Petersburg RUS"]
[Date "2018.12.27"]
[Round "6.23"]
[White "Ovod, Evgenija"]
[Black "Ambartsumova, Karina"]
[Result "1-0"]
[WhiteTitle "IM"]
[BlackTitle "WGM"]
[WhiteElo "2367"]
[BlackElo "2383"]
[WhiteFideId "4131827"]
[BlackFideId "4166299"]
[EventDate "2018.12.26"]

1. e4 c5 2. c3 Nf6 3. e5 Nd5 4. Nf3 d6 5. Bc4 e6 6. d4 Nc6 7. O-O Be7 8. Qe2
cxd4 9. cxd4 O-O 10. Rd1 Bd7 11. Bd2 Rc8 12. Nc3 Nxc3 13. Bxc3 d5 14. Bd3 a6 15.
Rac1 b5 16. Bb1 Qb6 17. Qd3 g6 18. h4 b4 19. Bd2 Na5 20. b3 Rxc1 21. Rxc1 Rc8
22. Rxc8+ Bxc8 23. h5 Nc6 24. Qe3 Bd7 25. Qf4 Qd8 26. Nh2 g5 27. Qe3 f5 28. exf6
Bxf6 29. Nf3 Qe7 30. h6 Be8 31. Bd3 a5 32. Nxg5 Bxg5 33. Qg3 Bg6 34. Bxg5 Qf7
35. Be3 Ne7 36. Bb5 Nf5 37. Qb8+ Qf8 38. Qb6 Qd6 39. Qxa5 Nxe3 40. fxe3 Qg3 41.
Qd8+ Kf7 42. Be8+ 1-0

[Event "World Rapid Women 2018"]
[Site "St Petersburg RUS"]
[Date "2018.12.27"]
[Round "6.24"]
[White "Voit, Daria"]
[Black "Nakhbayeva, Guliskhan"]
[Result "1-0"]
[WhiteTitle "FM"]
[BlackTitle "IM"]
[WhiteElo "2358"]
[BlackElo "2371"]
[WhiteFideId "4182146"]
[BlackFideId "13704788"]
[EventDate "2018.12.26"]

1. Nf3 d5 2. c4 d4 3. g3 Nc6 4. Bg2 e5 5. d3 Nf6 6. O-O a5 7. e3 Be7 8. exd4
exd4 9. Re1 O-O 10. Na3 Bb4 11. Bd2 Bf5 12. Bf1 h6 13. Nb5 Qd7 14. a3 Bxd2 15.
Qxd2 Bg4 16. Bg2 Bxf3 17. Bxf3 Nd8 18. Qf4 Ne6 19. Rxe6 fxe6 20. Qxc7 Qxc7 21.
Nxc7 Rab8 22. Nxe6 Rfe8 23. Nc7 Re7 24. Nd5 Nxd5 25. Bxd5+ Kf8 26. Be4 a4 27. b4
axb3 28. Rb1 b6 29. Rxb3 Re5 30. f4 Ra5 31. Kg2 Ke7 32. Kf3 Kd6 33. h4 Kc5 34.
Rb2 b5 35. cxb5 Rxa3 36. Rc2+ Rc3 37. Ra2 Kd6 38. Ra6+ Kd7 39. b6 Re8 40. Ra7+
Kd6 41. Rxg7 h5 42. b7 Rb3 43. f5 Ke5 44. Rd7 Rb4 45. Rh7 Rb1 46. Rxh5 Rf1+ 47.
Ke2 Rg1 48. Kf2 Rb1 49. Rh7 Kf6 50. Rd7 Rb4 51. Kf3 Re5 52. Rxd4 Reb5 53. Rxb4
Rxb4 54. Kf4 Rb1 55. g4 Rf1+ 56. Bf3 Rb1 57. g5+ Kf7 58. Bd5+ Kg7 59. h5 Rf1+
60. Ke5 Rb1 61. h6+ Kh7 62. Kd6 1-0

[Event "World Rapid Women 2018"]
[Site "St Petersburg RUS"]
[Date "2018.12.27"]
[Round "6.25"]
[White "Mamedjarova, Turkan"]
[Black "Tsolakidou, Stavroula"]
[Result "1/2-1/2"]
[WhiteTitle "WGM"]
[BlackTitle "IM"]
[WhiteElo "2295"]
[BlackElo "2387"]
[WhiteFideId "13402005"]
[BlackFideId "4264312"]
[EventDate "2018.12.26"]

1. d4 Nf6 2. Nf3 e6 3. Bg5 c5 4. dxc5 Bxc5 5. Bxf6 Qxf6 6. c3 b6 7. e3 Bb7 8.
Bd3 Qd8 9. Nbd2 Be7 10. Qc2 h6 11. O-O O-O 12. Rad1 d6 13. Ne4 Qc7 14. Nd4 d5
15. Ng3 Nd7 16. f4 Nc5 17. Be2 a6 18. Rf3 b5 19. Nh5 g6 20. Ng3 Kg7 21. Rdf1 Bf6
22. f5 Qe5 23. Kh1 Rac8 24. Rf4 b4 25. Rg4 Ne4 26. Nh5+ Kh8 27. Nxf6 Nxf6 28.
Nf3 Qxe3 29. Rxb4 Rc7 30. fxg6 Ne4 31. g7+ Kxg7 32. Bd3 Nc5 33. Rd1 f5 34. Qe2
Qxe2 35. Bxe2 Kf6 36. Rh4 Rh8 37. Rf1 e5 38. Rh5 Rf7 39. Nh4 f4 40. Bg4 Ne4 41.
Rf5+ Kg7 42. Rxe5 Bc8 43. Bxc8 Rxc8 44. Rxd5 Rb8 45. Rd4 Ng5 46. b3 Re8 47. h3
Re2 48. Rdxf4 Rxf4 49. Rxf4 Rxa2 50. Ra4 Rxa4 51. bxa4 Ne4 52. c4 Nc5 53. a5 Nb7
54. Nf5+ Kh7 55. Ne7 Nxa5 56. c5 Nb7 57. c6 Nd6 58. Nd5 Nc8 59. Kg1 Kg6 60. g4
Kg5 61. Kf2 h5 62. gxh5 Kxh5 63. Ke3 a5 64. Kd4 Na7 65. Kc5 Nxc6 66. Kxc6 Kh4
67. Nf4 a4 68. Nd3 Kxh3 69. Kb5 a3 1/2-1/2

[Event "World Rapid Women 2018"]
[Site "St Petersburg RUS"]
[Date "2018.12.27"]
[Round "6.26"]
[White "Utiatskaja, Irina"]
[Black "Berend, Elvira"]
[Result "0-1"]
[WhiteTitle "WIM"]
[BlackTitle "WGM"]
[WhiteElo "2246"]
[BlackElo "2332"]
[WhiteFideId "24140848"]
[BlackFideId "4000510"]
[EventDate "2018.12.26"]

1. e4 c5 2. Nf3 e6 3. d4 cxd4 4. Nxd4 Nc6 5. Nb5 d6 6. c4 Nf6 7. N1c3 a6 8. Na3
Be7 9. Be2 O-O 10. O-O b6 11. Be3 Bb7 12. f3 Nd7 13. Qd2 Rc8 14. Nc2 Na5 15. b3
b5 16. Rac1 bxc4 17. b4 Nc6 18. Bxc4 Nxb4 19. Bb3 Nxc2 20. Rxc2 Nc5 21. Bc4 Kh8
22. Rb1 Ba8 23. Ne2 d5 24. exd5 exd5 25. Bd3 Nxd3 26. Qxd3 Rxc2 27. Qxc2 Qd7 28.
Qd3 Qa4 29. Bd4 Rc8 30. Qe3 Bf8 31. Nc3 Qc4 32. Re1 Bc6 33. Ne2 Re8 34. Qd2 Bb5
35. Kf2 f6 36. a4 Bb4 37. Bc3 Bc5+ 38. Kf1 Bxa4 39. g3 Bb5 40. Ba1 Bb4 41. Bc3
Bxc3 0-1

[Event "World Rapid Women 2018"]
[Site "St Petersburg RUS"]
[Date "2018.12.27"]
[Round "6.27"]
[White "Mamedjarova, Zeinab"]
[Black "Yurasova, Daria"]
[Result "1/2-1/2"]
[WhiteTitle "WGM"]
[WhiteElo "2338"]
[BlackElo "2190"]
[WhiteFideId "13401521"]
[BlackFideId "34146919"]
[EventDate "2018.12.26"]

1. d4 d5 2. Nf3 Nf6 3. e3 Bf5 4. Bd3 e6 5. O-O Bd6 6. c4 Bxd3 7. Qxd3 c6 8. Nc3
O-O 9. e4 dxe4 10. Nxe4 Nxe4 11. Qxe4 Nd7 12. Bg5 Be7 13. Be3 Nf6 14. Qc2 Rc8
15. Rad1 Qc7 16. h3 Rfd8 17. Rfe1 c5 18. b3 cxd4 19. Bxd4 h6 20. Qb2 b6 21. Rc1
Ne8 22. b4 Bf6 23. c5 Qb7 24. cxb6 Bxd4 25. Nxd4 Qxb6 26. Nf3 Nf6 27. a3 Rb8 28.
Ne5 Rd5 29. Rc3 Rbd8 30. Rf3 Qc7 31. Qc3 Qd6 32. a4 Rd1 33. Rxd1 Qxd1+ 34. Kh2
Qxa4 35. Rxf6 gxf6 36. Ng4 Qd1 37. Qxf6 Qd6+ 38. g3 e5 39. Nxh6+ Kh7 40. Qh4
Qxh6 41. Qxd8 Qe6 42. b5 Qf5 43. Qh4+ Kg7 44. Qg4+ Qxg4 45. hxg4 Kf6 46. f4 Ke6
47. Kg2 e4 48. Kf2 Kd5 49. Ke3 Kc5 50. g5 Kd5 51. f5 Ke5 52. g6 1/2-1/2

[Event "World Rapid Women 2018"]
[Site "St Petersburg RUS"]
[Date "2018.12.27"]
[Round "6.28"]
[White "Garcia Martin, Marta"]
[Black "Tomilova, Elena"]
[Result "1/2-1/2"]
[WhiteTitle "FM"]
[BlackTitle "WIM"]
[WhiteElo "2301"]
[BlackElo "2338"]
[WhiteFideId "32084030"]
[BlackFideId "4162340"]
[EventDate "2018.12.26"]

1. e4 e6 2. d4 d5 3. Nd2 Nc6 4. Ngf3 Nf6 5. e5 Nd7 6. Bd3 Nb4 7. Be2 c5 8. c3
Nc6 9. O-O Qb6 10. Bd3 cxd4 11. cxd4 Nxd4 12. Nxd4 Qxd4 13. Nf3 Qb6 14. Qa4 Qb4
15. Qc2 Be7 16. Bd2 Qg4 17. Rac1 Qh5 18. Bb5 O-O 19. Bxd7 Bxd7 20. Qc7 Rfd8 21.
Qxb7 Rab8 22. Qxa7 Ra8 23. Qc7 Rac8 24. Qb6 Rb8 25. Qd4 Bb5 26. Rfe1 Ra8 27. Rc7
Bf8 28. a3 Ra4 29. Qb6 Bd3 30. Rc3 Rg4 31. Rxd3 Qg6 32. g3 Qxd3 33. Qxd8 Qxf3
34. Bb4 Rxb4 35. axb4 Qb3 36. Qb8 Qxb2 37. b5 h5 38. b6 h4 39. b7 h3 40. Qc7 Qb4
41. Kf1 Qb5+ 42. Kg1 Qb4 43. Rc1 Qe4 44. Kf1 Qd3+ 45. Kg1 Qf3 46. Kf1 Qd3+ 47.
Kg1 Qf3 48. Kf1 Qd3+ 1/2-1/2

[Event "World Rapid Women 2018"]
[Site "St Petersburg RUS"]
[Date "2018.12.27"]
[Round "6.29"]
[White "Danielian, Elina"]
[Black "Murashova, Ekaterina"]
[Result "1-0"]
[WhiteTitle "GM"]
[BlackTitle "WIM"]
[WhiteElo "2427"]
[BlackElo "2259"]
[WhiteFideId "13300210"]
[BlackFideId "4171985"]
[EventDate "2018.12.26"]

1. d4 d5 2. Nf3 Nf6 3. Bf4 c5 4. e3 Nc6 5. Nbd2 Bg4 6. Be2 e6 7. O-O Qb6 8. c4
cxd4 9. Nxd4 Bxe2 10. Nxe2 Rd8 11. Qc2 Be7 12. a3 a5 13. Nc3 O-O 14. Rfd1 h6 15.
cxd5 Nxd5 16. Nc4 Qc5 17. Ne4 Qa7 18. Bg3 Rd7 19. Rac1 Rfd8 20. h3 f5 21. Ned2
Bf6 22. Nf3 Qc5 23. Qb3 Qa7 24. Nce5 Nxe5 25. Nxe5 Bxe5 26. Bxe5 a4 27. Qc4 Kh7
28. Bd4 Qa5 29. Qe2 Ne7 30. Bc3 Rxd1+ 31. Rxd1 Rxd1+ 32. Qxd1 Qb5 33. Qd4 e5 34.
Qxe5 Qxe5 35. Bxe5 Nd5 36. Kf1 g5 37. Ke2 Kg6 38. Kd3 Kf7 39. Kc4 Ke6 40. Bd4
Nc7 41. g4 Ne8 42. Kb4 Nd6 43. Kxa4 Ne4 44. f3 fxg4 45. hxg4 Nd2 46. f4 Kd5 47.
Bg7 Kc4 48. Ka5 Kc5 49. Bf8+ Kc6 50. Kb4 Nf1 51. Bxh6 Nxe3 52. fxg5 Nxg4 53. Bg7
Ne3 54. a4 Nd5+ 55. Kc4 Nb6+ 56. Kb3 Nd5 57. Bd4 Nf4 58. Kc4 Ng6 59. b4 Ne7 60.
b5+ Kc7 61. a5 Kd7 62. Bf6 Ng8 63. Kc5 1-0

[Event "World Rapid Women 2018"]
[Site "St Petersburg RUS"]
[Date "2018.12.27"]
[Round "6.30"]
[White "Skripchenko, Almira"]
[Black "Vasilevich, Irina"]
[Result "0-1"]
[WhiteTitle "IM"]
[BlackTitle "IM"]
[WhiteElo "2408"]
[BlackElo "2258"]
[WhiteFideId "13900145"]
[BlackFideId "4141296"]
[EventDate "2018.12.26"]

1. Nf3 c5 2. g3 Nc6 3. Bg2 g6 4. O-O Bg7 5. c3 e5 6. d4 cxd4 7. cxd4 e4 8. Ne5
d5 9. Nxc6 bxc6 10. Nc3 Ne7 11. Na4 Nf5 12. e3 h5 13. h3 h4 14. g4 Nd6 15. Nc5
f5 16. f3 exf3 17. Bxf3 O-O 18. Bd2 fxg4 19. Bxg4 Rxf1+ 20. Kxf1 Ne4 21. Nxe4
dxe4 22. Kg2 Qg5 23. Rc1 Rb8 24. b3 Ba6 25. Rxc6 Bd3 26. Rc5 Qf6 27. Rc8+ Rxc8
28. Bxc8 Qc6 29. Bg4 Qc7 30. Be1 Bf6 31. Bf2 Kg7 32. Qd2 Qc6 33. Be2 Be7 34. Qb2
Qd5 35. Bg4 a5 36. Qc3 Kh6 37. Qc7 Qg5 38. Qc8 Qf6 39. Qa8 Bd6 40. Qxa5 Bg3 41.
Qe1 Qa6 42. Bxg3 hxg3 43. a4 Qb6 44. Bd1 Qf6 45. Kxg3 Bf1 46. Bg4 Qd6+ 47. Kf2
Bd3 48. Kg2 Qa3 49. Qd1 Qb2+ 50. Kg3 Bc2 51. Qf1 Qxb3 52. Qf4+ Kh7 53. a5 Bd3
54. Kh4 Qb4 55. Qf7+ Kh6 56. Qf4+ Kh7 57. d5 Qxa5 58. Qf7+ Kh6 59. Qf8+ Kh7 60.
Qe7+ Kh6 61. Qe5 Qe1+ 0-1

[Event "World Rapid Women 2018"]
[Site "St Petersburg RUS"]
[Date "2018.12.27"]
[Round "6.31"]
[White "Belenkaya, Dina"]
[Black "Gaponenko, Inna"]
[Result "0-1"]
[WhiteTitle "WGM"]
[BlackTitle "IM"]
[WhiteElo "2338"]
[BlackElo "2420"]
[WhiteFideId "24142654"]
[BlackFideId "14101181"]
[EventDate "2018.12.26"]

1. e4 g6 2. d4 Bg7 3. Nf3 d6 4. Bd3 Nf6 5. Nbd2 O-O 6. O-O Nbd7 7. Qe2 e5 8.
dxe5 dxe5 9. Nc4 Qe7 10. Rd1 Nh5 11. Qe1 Nc5 12. Bf1 Bg4 13. Qe3 Ne6 14. h3 Bxf3
15. Qxf3 Nd4 16. Qc3 Nf4 17. Re1 b5 18. Na5 c5 19. Be3 c4 20. a3 Rac8 21. Rad1
Rfd8 22. Kh1 Nfe6 23. Bc1 Nc5 24. f3 Bf8 25. Rd2 Na4 26. Qe3 Qc7 27. b4 cxb3 28.
Nxb3 Nxc2 29. Rxc2 Qxc2 30. Bxb5 Nc3 31. Ba6 Rc6 32. Na1 Qa2 33. Bb7 Rc7 34. Qg5
Rd1 35. Rxd1 Nxd1 36. Bd2 Rxb7 37. Qxe5 Qxd2 38. Qf6 Nf2+ 39. Kh2 Qd6+ 0-1

[Event "World Rapid Women 2018"]
[Site "St Petersburg RUS"]
[Date "2018.12.27"]
[Round "6.32"]
[White "Michna, Marta"]
[Black "Sviridova, Vlada"]
[Result "1-0"]
[WhiteTitle "WGM"]
[BlackTitle "WFM"]
[WhiteElo "2333"]
[BlackElo "2144"]
[WhiteFideId "1106686"]
[BlackFideId "24109606"]
[EventDate "2018.12.26"]

1. Nf3 d5 2. d3 Nf6 3. Nbd2 c5 4. e4 e6 5. Be2 Nc6 6. O-O Be7 7. c3 O-O 8. a4 b6
9. Re1 Bb7 10. Bf1 Rc8 11. Qc2 Qc7 12. Nb1 Bd6 13. g3 Nd7 14. Bg2 d4 15. Na3 a6
16. Bd2 e5 17. Rac1 Rfe8 18. cxd4 cxd4 19. b4 Qd8 20. Qb3 Qe7 21. Bh3 Rcd8 22.
Nc2 a5 23. Bg5 Nf6 24. Nh4 Bc8 25. Bxc8 Rxc8 26. Nf5 Qe6 27. Qxe6 Rxe6 28. bxa5
Nxa5 29. Bxf6 Rxf6 30. Ncxd4 Rf8 31. Nc6 Bc5 32. Nxa5 Bb4 33. Nc4 Bxe1 34. Rxe1
g6 35. Ne7+ Kg7 36. Nd5 Re6 37. Ncxb6 Rb8 38. a5 f5 39. Rb1 fxe4 40. dxe4 Rc6
41. a6 Rf8 42. a7 Rc2 43. a8=Q Rfxf2 44. Ne3 1-0

[Event "World Rapid Women 2018"]
[Site "St Petersburg RUS"]
[Date "2018.12.27"]
[Round "6.33"]
[White "Guichard, Pauline"]
[Black "Geller, Anastasiya"]
[Result "1-0"]
[WhiteTitle "WGM"]
[BlackTitle "WFM"]
[WhiteElo "2378"]
[BlackElo "2187"]
[WhiteFideId "639370"]
[BlackFideId "24119059"]
[EventDate "2018.12.26"]

1. d4 d5 2. Bf4 Nf6 3. e3 c5 4. Nf3 Nc6 5. Nbd2 cxd4 6. exd4 Bg4 7. Bb5 a6 8.
Bxc6+ bxc6 9. c3 Qb6 10. O-O e6 11. Qb3 Qb5 12. Ne5 c5 13. Nxg4 Nxg4 14. Qd1 Nf6
15. a4 Qd7 16. Nf3 Be7 17. Ne5 Qb7 18. dxc5 Bxc5 19. Nd3 Be7 20. Re1 O-O 21. Re3
Rfc8 22. Rh3 Bf8 23. Be5 Qe7 24. Qf3 Ne4 25. Qh5 h6 26. Re1 f6 27. Bd4 e5 28.
Bb6 Ng5 29. Rg3 Qf7 30. Qe2 Ne4 31. Rf3 Qb7 32. a5 Nd6 33. Rg3 Nc4 34. Qh5 Nxb6
35. axb6 Qxb6 36. Qxh6 a5 37. Qh5 a4 38. Rh3 Qd6 39. Rxe5 fxe5 40. Nxe5 1-0

[Event "World Rapid Women 2018"]
[Site "St Petersburg RUS"]
[Date "2018.12.27"]
[Round "6.34"]
[White "Zhukova, Natalia"]
[Black "Goltseva, Ekaterina"]
[Result "1-0"]
[WhiteTitle "GM"]
[BlackTitle "WFM"]
[WhiteElo "2377"]
[BlackElo "2153"]
[WhiteFideId "14101513"]
[BlackFideId "24173770"]
[EventDate "2018.12.26"]

1. c4 c5 2. Nf3 Nf6 3. Nc3 e6 4. g3 b6 5. Bg2 Bb7 6. d4 cxd4 7. Qxd4 Bc5 8. Qd3
d5 9. cxd5 Nxd5 10. Ng5 Be7 11. Nxd5 Bxd5 12. Bxd5 Qxd5 13. Qxd5 exd5 14. O-O
O-O 15. Rd1 Rd8 16. Nh3 Bf6 17. Nf4 d4 18. Bd2 Nc6 19. Nd3 Rac8 20. Rac1 Ne5 21.
Nb4 Rc5 22. b3 Rdc8 23. Nd5 Rxc1 24. Nxf6+ gxf6 25. Bxc1 Rc2 26. Bf4 Rxe2 27.
Kf1 Rxa2 28. Rxd4 Kg7 29. h3 Nc6 30. Rd7 Ra3 31. Rc7 Nd4 32. b4 Nb5 33. Rc4 Ra2
34. Be3 Na3 35. Rg4+ Kf8 36. Rh4 Nc2 37. Bh6+ Ke7 38. Bg7 Ra4 39. Re4+ Kd7 40.
Bxf6 Nxb4 41. Re7+ Kc6 42. Rxf7 Nd5 43. Be5 b5 44. Rxh7 b4 45. Rh6+ Kc5 46. Rh8
b3 47. Rc8+ Kb4 48. h4 Nb6 49. Re8 Ka3 50. h5 Nc4 51. Bg7 Ra5 52. g4 Rg5 53. h6
Rxg4 54. h7 Rxg7 55. h8=Q b2 56. Qf8+ Ka2 57. Re1 Rb7 58. Qg8 b1=Q 59. Rxb1
Rxb1+ 60. Kg2 Rb4 61. f4 a5 62. f5 Kb2 63. f6 Ne5 64. Qe8 Ng4 65. f7 Rf4 66.
Qb8+ Rb4 67. Qh8+ Ka2 68. f8=Q Ne3+ 69. Kf3 Nc4 70. Qhg8 Kb3 71. Ke2 Ka4 72.
Qe8+ Ka3 73. Qe7 Ka4 74. Qge8+ Kb3 75. Q8f7 Ka4 76. Qd7+ Ka3 77. Qd3+ Ka4 78.
Qfd7+ 1-0

[Event "World Rapid Women 2018"]
[Site "St Petersburg RUS"]
[Date "2018.12.27"]
[Round "6.35"]
[White "Vo, Thi Kim Phung"]
[Black "Komiagina, Maria"]
[Result "0-1"]
[WhiteTitle "WGM"]
[BlackTitle "WIM"]
[WhiteElo "2352"]
[BlackElo "2234"]
[WhiteFideId "12401838"]
[BlackFideId "4153987"]
[EventDate "2018.12.26"]

1. d4 Nf6 2. c4 g6 3. Nc3 Bg7 4. e4 d6 5. Be2 O-O 6. Nf3 e5 7. O-O Nc6 8. d5 Ne7
9. Ne1 Ne8 10. Be3 f5 11. f3 f4 12. Bf2 g5 13. Nd3 h5 14. c5 Rf7 15. Rc1 Ng6 16.
b4 Bf8 17. Nb5 Rg7 18. h3 Nf6 19. Rc4 Bd7 20. a4 a6 21. Nc3 b5 22. cxb6 cxb6 23.
b5 a5 24. Nb2 Ne7 25. Rc6 Nc8 26. Nc4 Rb8 27. Nd2 g4 28. hxg4 hxg4 29. fxg4 Nxg4
30. Bf3 Qg5 31. Rc7 Qh5 32. Bxg4 Bxg4 33. Rxg7+ Kxg7 34. Nf3 Ne7 35. Qd3 Ng6 36.
Nh2 Bd7 37. Qf3 Qh6 38. Rc1 Be7 39. Ne2 Rh8 40. Rc7 Qxh2+ 41. Kf1 Rd8 42. Ng1
Nh4 43. Bxh4 Qxh4 44. Qc3 Kf7 45. Qf3 Bg4 46. Qc3 Qh7 47. Qc4 Qh1 48. Qc3 Kf8
49. Rb7 f3 50. Qd2 Bg5 51. Qf2 Bh4 52. g3 Bg5 53. Rxb6 Kg8 54. Rc6 Qh6 55. Rc3
Bd2 56. Rd3 Bb4 57. b6 Rc8 58. Rd1 Bc5 59. b7 Rb8 60. Qb2 Qh1 61. Ke1 Qxg1+ 62.
Kd2 Qf2+ 63. Kc1 Qxb2+ 64. Kxb2 Rxb7+ 65. Kc2 f2 0-1

[Event "World Rapid Women 2018"]
[Site "St Petersburg RUS"]
[Date "2018.12.27"]
[Round "6.36"]
[White "Garifullina, Leya"]
[Black "Vega Gutierrez, Sabrina"]
[Result "1-0"]
[WhiteTitle "WCM"]
[BlackTitle "IM"]
[WhiteElo "2132"]
[BlackElo "2390"]
[WhiteFideId "34127035"]
[BlackFideId "2219026"]
[EventDate "2018.12.26"]

1. e4 c5 2. Nf3 e6 3. d4 cxd4 4. Nxd4 Nf6 5. Nc3 d6 6. g4 h6 7. h3 Nc6 8. Nde2
a6 9. Bg2 Bd7 10. a4 Rc8 11. O-O Be7 12. Be3 Ne5 13. b3 g5 14. a5 Bc6 15. f4
gxf4 16. Nxf4 Qc7 17. Bb6 Qb8 18. Nd3 Nfd7 19. Nxe5 dxe5 20. Be3 Bg5 21. Qf3 f6
22. Rad1 Rh7 23. Nd5 exd5 24. exd5 Bb5 25. c4 Bxc4 26. bxc4 Rxc4 27. Bxg5 hxg5
28. Qd3 Qa7+ 29. Kh1 Rxg4 30. Qxh7 Rxg2 31. Qg8+ Ke7 32. d6# 1-0

[Event "World Rapid Women 2018"]
[Site "St Petersburg RUS"]
[Date "2018.12.27"]
[Round "6.37"]
[White "Protopopova, Anastasiya"]
[Black "Shuvalova, Polina"]
[Result "0-1"]
[WhiteTitle "WFM"]
[BlackTitle "WIM"]
[WhiteElo "2304"]
[BlackElo "2441"]
[WhiteFideId "24172073"]
[BlackFideId "24171760"]
[EventDate "2018.12.26"]

1. d4 Nf6 2. c4 e6 3. g3 c5 4. d5 exd5 5. cxd5 d6 6. Nc3 g6 7. Bg2 Bg7 8. Nf3
O-O 9. O-O Re8 10. Bf4 Na6 11. Re1 Nc7 12. a4 a6 13. Nd2 Nh5 14. Nc4 Nxf4 15.
gxf4 Rb8 16. a5 Nb5 17. Qd3 Bd7 18. Nb6 Qe7 19. e3 Bf5 20. e4 Bd7 21. e5 dxe5
22. d6 Qd8 23. Nxd7 Qxd7 24. Nxb5 e4 25. Rxe4 Rxe4 26. Qxe4 Qxb5 27. Qe7 Qxb2
28. Rd1 Bf6 29. Qc7 Rf8 30. Qxc5 Qb3 31. Rc1 Qa4 32. f5 Qf4 33. Re1 Bd4 34. Qc2
Qxd6 35. Rd1 Rd8 36. Bf3 Qf4 37. Kg2 Rd6 38. Qe4 Qg5+ 39. Kh1 Bxf2 40. Qe8+ Kg7
41. Qe5+ Rf6 42. Rf1 Be3 43. Bxb7 Kh6 44. Be4 gxf5 45. Bg2 Rg6 46. Qd5 Bf4 47.
Qf3 Be5 48. Qh3+ Kg7 49. Rxf5 Qc1+ 50. Rf1 Qd2 51. Qf3 Qd7 52. Bh3 Qc7 53. Bf5
Rg5 54. Qe3 Qc6+ 55. Be4 Qh6 56. Qf2 Qh5 57. Bd5 Rf5 58. Qg2+ Kf8 59. Rg1 Rg5
60. Qf2 Rxg1+ 61. Qxg1 Bxh2 62. Qc5+ Bd6+ 0-1

[Event "World Rapid Women 2018"]
[Site "St Petersburg RUS"]
[Date "2018.12.27"]
[Round "6.38"]
[White "Guseva, Marina"]
[Black "Sukhareva, Evgeniya"]
[Result "1-0"]
[WhiteTitle "IM"]
[WhiteElo "2408"]
[BlackElo "2126"]
[WhiteFideId "4149351"]
[BlackFideId "4167155"]
[EventDate "2018.12.26"]

1. d4 Nf6 2. c4 e6 3. Nc3 c5 4. d5 exd5 5. cxd5 d6 6. e4 a6 7. h3 g6 8. Bd3 Bg7
9. Nf3 O-O 10. O-O b5 11. Bf4 Ne8 12. Rc1 Nd7 13. Re1 Qe7 14. Qd2 Bb7 15. a3 Rc8
16. b4 c4 17. Bc2 Ne5 18. Nxe5 Bxe5 19. Bxe5 dxe5 20. a4 Nd6 21. Ra1 Ra8 22.
Reb1 Rfb8 23. Qe3 f5 24. exf5 gxf5 25. Re1 Re8 26. axb5 axb5 27. Rxa8 Bxa8 28.
Qb6 Qd7 29. Ra1 Bb7 30. Ra7 Re7 31. Qc5 Kh8 32. Ra5 Rg7 33. Nxb5 Ne8 34. Nc3 f4
35. Qf8+ Rg8 36. Qf5 Qg7 37. Be4 Nd6 38. Qg4 Qf7 39. Qf3 Nxe4 40. Qxe4 Qf6 41.
Ra7 Rg7 42. b5 f3 43. g3 Qb6 44. Qe3 Qd4 45. Kh2 Bxd5 46. Rxg7 Kxg7 47. Nxd5
Qxd5 48. b6 Kg6 49. g4 e4 50. Qf4 Qc6 51. Qf5+ Kg7 52. Qe5+ Kg6 53. Qc7 Qd5 54.
b7 Qd2 55. Qb6+ Kg7 56. b8=Q 1-0

[Event "World Rapid Women 2018"]
[Site "St Petersburg RUS"]
[Date "2018.12.27"]
[Round "6.39"]
[White "Charochkina, Daria"]
[Black "Sudakova, Irina"]
[Result "1/2-1/2"]
[WhiteTitle "IM"]
[BlackTitle "WGM"]
[WhiteElo "2344"]
[BlackElo "2313"]
[WhiteFideId "4180917"]
[BlackFideId "4129903"]
[EventDate "2018.12.26"]

1. d4 d5 2. c4 e6 3. Nc3 c6 4. e4 Bb4 5. e5 Ne7 6. Nf3 c5 7. a3 Bxc3+ 8. bxc3
Nbc6 9. Bd3 h6 10. O-O b6 11. a4 dxc4 12. Bxc4 Na5 13. Bb5+ Bd7 14. Ba3 Bxb5 15.
axb5 cxd4 16. Nxd4 Rc8 17. Qg4 O-O 18. Nxe6 fxe6 19. Qxe6+ Kh8 20. Bxe7 Re8 21.
Bxd8 Rxe6 22. Bh4 Rxe5 23. Rab1 Rxc3 24. Rfd1 Rcc5 25. Bg3 Red5 26. Rxd5 Rxd5
27. Bb8 Rd7 28. h4 Nc4 29. Rb4 Na3 30. Rb3 Nc4 31. Rc3 Rd4 32. g3 Nd6 33. Bxa7
Nxb5 34. Rc8+ Kh7 35. Bxb6 Rd7 36. Rc4 Rb7 37. Rc6 Rd7 38. Rc4 Rb7 39. Be3 Nd6
40. Rc6 Nf5 41. Bf4 Nd4 42. Rc4 Ne2+ 43. Kg2 Nxf4+ 44. Rxf4 h5 45. Rf5 g6 46.
Rc5 Kg7 47. Kf3 Rf7+ 48. Ke3 Re7+ 49. Kf3 Rf7+ 50. Kg2 Ra7 51. Re5 Rf7 52. f4
Ra7 53. Kf3 Kf6 54. Re3 Rb7 55. Rd3 Rb6 56. g4 hxg4+ 57. Kxg4 Ra6 58. Rd8 Rb6
59. Rh8 Kg7 60. Ra8 Kf6 61. Ra7 Rc6 62. Rh7 Ra6 63. h5 gxh5+ 64. Rxh5 Kg6 65.
f5+ Kg7 66. Kg5 Ra1 67. f6+ Kg8 68. Kg6 Rg1+ 69. Rg5 Rxg5+ 70. Kxg5 Kf7 71. Kf5
Kf8 1/2-1/2